Rajové banky cez licencie Príloha
Podmienky podnikania v daňových rajoch. Otvorenie účtov v European Union Bank. Bankové zákony a pranie špinavých peňazí.
Saved in:
| Main Author: | |
|---|---|
| Format: | Book Chapter |
| Language: | Slovak |
| Subjects: | |
| Tags: |
No Tags, Be the first to tag this record!
|
MARC
| LEADER | 00000naa a2200000 4500 | ||
|---|---|---|---|
| 001 | r026365 | ||
| 005 | 20251104123630.8 | ||
| 041 | 0 | |a slo | |
| 044 | |a SK | ||
| 245 | 1 | 0 | |a Rajové banky cez licencie |b Príloha |c V. Švač |
| 520 | |a Podmienky podnikania v daňových rajoch. Otvorenie účtov v European Union Bank. Bankové zákony a pranie špinavých peňazí. | ||
| 610 | 2 | 0 | |a offshore |
| 610 | 2 | 0 | |a bankovníctvo |
| 610 | 2 | 0 | |a legislatíva |
| 610 | 2 | 0 | |a dane |
| 610 | 2 | 0 | |a European Union Bank |
| 610 | 2 | 0 | |a pranie špinavých peňazí |
| 610 | 2 | 0 | |a podnikanie |
| 100 | 1 | |a Švač, V. | |